Guess the Metal Gear characters by Final Words - Statistics

General Stats
  • This quiz has been taken 14 times
  • The average score is 4 of 8
Answer Stats
Quote Answer % Correct
"You are his. Just... like your father... you're pretty good" Ocelot / Revolver Ocelot
75%
"Boss... this is the end of the Cobras. You've got to live on... I'm coming home. I can see the Earth! ... (His/Hers Name)" The Fury
75%
"One must die and one must live. No helping it. The party's over... There's only room for one Boss and one Snake." The Boss
67%
"I can return to the forest at last...." The End
67%
"FOX...?" (Solid Snake finishes it with "DIE") Eli / Liquid Snake
50%
"Asshole... He's good... real good. You knew this would happen, didn't ya? Well, you'll get your wish... Up to you now... Sam." Sundowner
42%
"This is good... isn't it?" Big Boss / Naked Snake
33%
"Deep down, you’re just like me. Someone who enjoys the slaughter... You’ve inherited my will. The war will continue as an institution. You’re free... to do as you please..." Senator Armstrong
8%
No matching quizzes found
Score Distribution
Percent of People with Each Score
Percentile by Number Answered
Your Score History
You have not taken this quiz